ბათუმის შოთა რუსთაველის სახელმწიფო უნივერსიტეტის ბიბლიოთეკა

ერიყლაპია (ბიბ.ჩანაწერი № 43132)

000 -LEADER
fixed length control field 00721nam a2200229Ia 4500
001 - CONTROL NUMBER
control field 9853
003 - CONTROL NUMBER IDENTIFIER
control field GE_BSU
008 - FIXED-LENGTH DATA ELEMENTS--GENERAL INFORMATION
fixed length control field 181216s||||||||xx |||||||||||||| ||und||
040 ## - CATALOGING SOURCE
Transcribing agency GE_BSU
100 ## - MAIN ENTRY--PERSONAL NAME
Personal name ნაროუშვილი,ფრიდონ
245 ## - TITLE STATEMENT
Title ერიყლაპია
245 ## - TITLE STATEMENT
Remainder of title პოემა,ლექსი
245 ## - TITLE STATEMENT
Statement of responsibility, etc. შემდგ.რედ:მ.ვარშანიძე,მხატვ.რედ:რ,ლომაძე
260 ## - PUBLICATION, DISTRIBUTION, ETC.
Place of publication, distribution, etc. ბათუმი.
260 ## - PUBLICATION, DISTRIBUTION, ETC.
Name of publisher, distributor, etc. აჭარა
260 ## - PUBLICATION, DISTRIBUTION, ETC.
Date of publication, distribution, etc. 1991
300 ## - PHYSICAL DESCRIPTION
Extent 47გვ;19სმ.
300 ## - PHYSICAL DESCRIPTION
Other physical details 1ფ.პორტრ.
653 ## - INDEX TERM--UNCONTROLLED
Uncontrolled term ერიყლაპია
653 ## - INDEX TERM--UNCONTROLLED
Uncontrolled term პოემა,ლექსი
942 ## - ADDED ENTRY ELEMENTS (KOHA)
Koha item type წიგნი
ეგზემპლარები
Withdrawn status Lost status Damaged status Not for loan Date acquired Barcode Date last seen Price effective from Koha item type
        2018-12-17 32851 2018-12-17 2018-12-17 წიგნი
        2018-12-17 32852 2018-12-17 2018-12-17 წიგნი
        2018-12-17 32853 2018-12-17 2018-12-17 წიგნი
        2018-12-17 32854 2018-12-17 2018-12-17 წიგნი